Feathers that scattered around; (Record no. 208619)

MARC details
000 -LEADER
fixed length control field 00592nam a22001937a 4500
005 - DATE AND TIME OF LATEST TRANSACTION
control field 20250120162811.0
010 ## - LCCN (DPL NO)
LC control number ENG-143533
020 ## - INTERNATIONAL STANDARD BOOK NUMBER
Terms of availability 200.00
International Standard Book Number 9789358192063
035 ## - SYSTEM CONTROL NUMBER
System control number EN-127065
037 ## - SOURCE OF ACQUISITION
Source of stock number/acquisition DBAD
082 ## - DEWEY DECIMAL CLASSIFICATION NUMBER
Classification number s
100 ## - MAIN ENTRY--PERSONAL NAME
Personal name Pramanick,Anthelina Sweta
Dates associated with a name 2023
245 ## - TITLE STATEMENT
Title Feathers that scattered around;
Statement of responsibility, etc A journeyoflove laughte,and rediscovery/
Remainder of title By Pramanick,Anthelina Sweta
260 ## - PUBLICATION, DISTRIBUTION, ETC. (IMPRINT)
Name of publisher, distributor, etc BlueroseONE publishers
Date of publication, distribution, etc 2023
Place of publication, distribution, etc New Delhi
270 ## - ADDRESS
City New Delhi
300 ## - PHYSICAL DESCRIPTION
Extent 80 p.
Dimensions 20 cm (pbk)
700 ## - ADDED ENTRY--PERSONAL NAME
Personal name Pramanick,Anthelina Sweta
9 (RLIN) 76737
942 ## - ADDED ENTRY ELEMENTS (KOHA)
Source of classification or shelving scheme Dewey Decimal Classification
Item type English Books
Classification part s
Call number suffix Pra
Holdings
Withdrawn status Lost status Not for loan Collection code Home library Current library Date acquired Source of acquisition Cost, normal purchase price Full call number Barcode Copy number Cost, replacement price Koha item type
      Non-fiction Central Library Central Library 20/01/2025 DBAD 200.00 S PRA EN-127065 1 200.00 English Books

© Delhi Public Library
Hit Counter
free hit counter